| 000 | 00338nam a22001337a 4500 | ||
|---|---|---|---|
| 008 | 190129b xxu||||| |||| 00| 0 eng d | ||
| 020 | _a9780830414680 | ||
| 041 | _aeng | ||
| 080 | _a316 | ||
| 100 | _a50 | ||
| 101 | _aSOC | ||
| 245 |
_aMediation and Conflict Resolution in Social Work and the Human Services _cKruk,E |
||
| 942 |
_2udc _cBK |
||
| 999 |
_c53861 _d53861 |
||